Pokémon Scarlet & Violet - Gym Leaders - Statistics

General Stats
  • This quiz has been taken 36 times
  • The average score is 7 of 8
Answer Stats
Gym Gym Leader % Correct
Medali Larry
94%
Levincia Iono
91%
Artazon Brassius
84%
Cortondo Katy
84%
Glaseado Grusha
81%
Cascarrafa Kofu
78%
Montenevera Ryme
75%
Alfornada Tulip
72%
No matching quizzes found
Score Distribution
Percent of People with Each Score
Percentile by Number Answered
Your Score History
You have not taken this quiz